[Event "XXII Weekend C"]
[Site "Ceriano Laghetto ITA"]
[Date "2013.03.03"]
[Round "5"]
[White "Sala, Pierluigi"]
[Black "Puppi, Simone"]
[WhiteElo "1495"]
[BlackElo "1566"]
[Result "1/2-1/2"]
[PlyCount "146"]
[EventDate "2013.03.01"]

1. d4 Nf6 2. Nf3 g6 3. g3 b6 4. Bg2 Bb7 5. O-O Bg7 6. Re1 O-O 7. c3 d6 8. Bg5
Nbd7 9. Nbd2 c5 10. dxc5 Nxc5 11. Bxf6 Bxf6 12. Qc2 Qc7 13. e4 Bc6 14. Rac1 Ba4
15. b3 Bc6 16. Nd4 Bb7 17. Nb5 Qc6 18. c4 Qd7 19. Nc3 Ne6 20. Nf3 Ng7 21. Nd5
Bxd5 22. exd5 Rac8 23. Qd2 Nf5 24. Bh3 e6 25. dxe6 fxe6 26. Rcd1 Rcd8 27. Ng5
Bxg5 28. Qxg5 Qf7 29. Qd2 d5 30. cxd5 exd5 31. Re5 d4 32. Rde1 Kh8 33. Bxf5
gxf5 34. Re7 Qg6 35. R1e6 Rf6 36. Re5 a5 37. Qe1 d3 38. Re8+ Rxe8 39. Rxe8+ Kg7
40. Rd8 f4 41. Qc3 fxg3 42. hxg3 Qf5 43. f4 d2 44. Rxd2 Kg6 45. Qd3 Kh5 46.
Rh2+ Kg6 47. Qxf5+ Rxf5 48. Rd2 b5 49. Kf2 h5 50. Rd6+ Kf7 51. Ke3 Ke7 52. Rd2
Rc5 53. a4 bxa4 54. bxa4 Rc3+ 55. Rd3 Rc4 56. Rd4 Rc3+ 57. Kf2 Ra3 58. Kg2 Kf6
59. Kh3 Kg6 60. Kh4 Kf6 61. Kxh5 Rxg3 62. Rd5 Rg8 63. Rxa5 Rg7 64. Ra6+ Kf5 65.
Ra5+ Kxf4 66. Rb5 Ke4 67. a5 Kd4 68. a6 Kc4 69. Rb7 Rg1 70. a7 Ra1 71. Kg5 Kc5
72. Kf6 Kc6 73. Rh7 Kb6 1/2-1/2

[Event "C.to Provinciale CN"]
[Site "Cuneo ITA"]
[Date "2013.03.01"]
[Round "1"]
[White "Faraoni, Enrico"]
[Black "Medaglia, Enzo"]
[Result "1-0"]
[WhiteElo "2057"]
[BlackElo "1750"]
[PlyCount "47"]
[EventDate "2013.03.01"]

1. e4 c5 2. d4 cxd4 3. c3 d6 4. Nf3 g6 5. cxd4 Bg7 6. Bb5+ Bd7 7. Bxd7+ Nxd7 8.
O-O Ngf6 9. e5 dxe5 10. dxe5 Ng4 11. e6 Nde5 12. Qa4+ Kf8 13. Nxe5 Nxe5 14. Nc3
Qe8 15. Qb3 Qc6 16. exf7 h5 17. Nd5 h4 18. Bg5 Bf6 19. Rac1 Qe6 20. Nxf6 Qxb3
21. axb3 exf6 22. Bxf6 Rh5 23. Rc7 Nxf7 24. Rd1 1-0

[Event "C.to Provinciale CN"]
[Site "Cuneo ITA"]
[Date "2013.03.01"]
[Round "1"]
[White "Franco, Rocco"]
[Black "Bisi, Samuele"]
[Result "0-1"]
[WhiteElo "1759"]
[BlackElo "2081"]
[PlyCount "79"]
[EventDate "2013.03.01"]

1. c4 Nf6 2. Nc3 c5 3. Nf3 Nc6 4. d4 cxd4 5. Nxd4 a6 6. e4 e6 7. a3 Qc7 8. Be2
Be7 9. Be3 O-O 10. O-O d6 11. Rc1 b6 12. Nd5 Qb7 13. Nxe7+ Nxe7 14. f3 Rd8 15.
Qc2 e5 16. Nb3 Be6 17. Nd2 b5 18. cxb5 axb5 19. Qc7 Rd7 20. Qxb7 Rxb7 21. Bd1
d5 22. exd5 Nfxd5 23. Bf2 Nf4 24. Ne4 Bc4 25. Nd6 Bxf1 26. Nxb7 Bxg2 27. Rc5 b4
28. a4 e4 29. fxe4 Bxe4 30. Nd6 Rd8 31. Rb5 Nh3+ 32. Kf1 Bd3+ 33. Ke1 Bxb5 34.
Nxb5 Nxf2 35. Bf3 Nd3+ 36. Ke2 Nxb2 37. a5 Nc4 38. a6 Nb6 39. a7 Ned5 40. Kd3
0-1

[Event "C.to Provinciale CN"]
[Site "Cuneo ITA"]
[Date "2013.03.01"]
[Round "1"]
[White "Moschetto, Giuliano"]
[Black "Sola, Giuseppe"]
[Result "0-1"]
[WhiteElo "1724"]
[BlackElo "2042"]
[PlyCount "144"]
[EventDate "2013.03.01"]

1. d4 Nf6 2. Bf4 g6 3. Nf3 Bg7 4. e3 d6 5. Nbd2 O-O 6. Bd3 c5 7. c3 Nc6 8. Qc2
a6 9. h3 Re8 10. Bh2 e5 11. dxe5 dxe5 12. O-O-O Qe7 13. Ne4 Be6 14. Nxf6+ Bxf6
15. Kb1 b5 16. Be4 Rac8 17. Rd2 b4 18. c4 b3 19. Qc3 bxa2+ 20. Kxa2 Nb4+ 21.
Kb1 Qc7 22. Bxe5 Bxe5 23. Nxe5 Rb8 24. Nd3 a5 25. g4 a4 26. Nf4 Nc6 27. Nxe6
Rxe6 28. Bxc6 Qxc6 29. Rhd1 Ree8 30. Qa5 Ra8 31. Qc3 Reb8 32. Rd6 Qe8 33. R6d3
Rb6 34. Qa3 Rab8 35. R1d2 Qe4 36. Ka1 Qxc4 37. Rd8+ Rxd8 38. Rxd8+ Kg7 39. Qc3+
Qxc3 40. bxc3 Rb3 41. Ra8 a3 42. c4 Rc3 43. Kb1 Kf6 44. Ra5 Rxc4 45. Rxa3 h5
46. f3 Kg5 47. Rd3 f5 48. gxf5 Kxf5 49. Kb2 Rh4 50. Rd5+ Kf6 51. Rxc5 Rxh3 52.
Rc6+ Kg7 53. Rc7+ Kh6 54. Rf7 g5 55. e4 Kg6 56. Rf8 g4 57. e5 Rxf3 58. Rg8+ Kh7
59. Re8 Re3 60. e6 Kg7 61. Re7+ Kg6 62. Re8 g3 63. e7 Kf7 64. Rh8 Kxe7 65. Rxh5
Kf6 66. Rh8 Kg5 67. Kc2 Kg4 68. Kd2 Re7 69. Rg8+ Kf3 70. Rf8+ Kg2 71. Rf5 Kg1
72. Rf4 Kg2 0-1

[Event "C.to Provinciale CN"]
[Site "Cuneo ITA"]
[Date "2013.03.02"]
[Round "2"]
[White "Bisi, Riccardo"]
[Black "Faraoni, Enrico"]
[Result "0-1"]
[WhiteElo "1712"]
[BlackElo "2057"]
[PlyCount "78"]
[EventDate "2013.03.01"]

1. e4 c5 2. Nf3 Nc6 3. d4 cxd4 4. Nxd4 e5 5. Nb5 d6 6. c4 Be7 7. N1c3 a6 8. Na3
f5 9. Bd3 f4 10. Nd5 Nf6 11. Nxe7 Qxe7 12. f3 O-O 13. Bd2 Be6 14. Nc2 Rac8 15.
b3 b5 16. cxb5 axb5 17. Bxb5 Nxe4 18. fxe4 Qh4+ 19. Kf1 f3 20. g3 Qh3+ 21. Kf2
Qg2+ 22. Ke3 f2 23. Bc4 Nd4 24. Nxd4 exd4+ 25. Kxd4 Bxc4 26. bxc4 Rxc4+ 27.
Kxc4 Qxe4+ 28. Kc3 Rc8+ 29. Kb2 Qd4+ 30. Ka3 Ra8+ 31. Kb3 Qd3+ 32. Bc3 Rb8+ 33.
Ka3 Qxc3+ 34. Qb3+ Rxb3+ 35. axb3 Kf7 36. Rhc1 Qa5+ 37. Kb2 Qe5+ 38. Ka3 Qe2
39. b4 Ke6 0-1

[Event "C.to Provinciale CN"]
[Site "Cuneo ITA"]
[Date "2013.03.02"]
[Round "2"]
[White "Bisi, Samuele"]
[Black "Drago, Paolo"]
[Result "1-0"]
[WhiteElo "2081"]
[BlackElo "1842"]
[PlyCount "43"]
[EventDate "2013.03.01"]

1. d4 d5 2. c4 e6 3. Nc3 Nf6 4. Bg5 Be7 5. cxd5 Nxd5 6. Bxe7 Qxe7 7. e4 Nxc3 8.
bxc3 O-O 9. Bd3 c5 10. Nf3 Rd8 11. O-O Nc6 12. d5 exd5 13. exd5 Ne5 14. Re1
Nxf3+ 15. Qxf3 Qg5 16. Qe4 g6 17. Qe7 Qxd5 18. Bc4 Qd7 19. Qf6 Rf8 20. Re7 Qf5
21. Bxf7+ Rxf7 22. Re8+ 1-0

[Event "C.to Provinciale CN"]
[Site "Cuneo ITA"]
[Date "2013.03.02"]
[Round "2"]
[White "Sola, Giuseppe"]
[Black "Onida, Davide"]
[Result "1-0"]
[WhiteElo "2042"]
[BlackElo "1779"]
[PlyCount "53"]
[EventDate "2013.03.01"]

1. Nf3 g6 2. c4 c5 3. d4 Bg7 4. Nc3 cxd4 5. Nxd4 Nf6 6. e3 Nc6 7. Be2 O-O 8.
O-O d5 9. Bf3 Nxd4 10. Qxd4 e5 11. Qxe5 dxc4 12. Qf4 Be6 13. Bxb7 Nh5 14. Qf3
Rb8 15. Be4 Qg5 16. Qe2 Qa5 17. Qc2 Nf6 18. Bf3 Ng4 19. Bd2 Qh5 20. h3 Be5 21.
Rab1 Qh4 22. Bxg4 Bxg4 23. Qe4 Bxc3 24. Bxc3 f5 25. Qxc4+ Rf7 26. hxg4 fxg4 27.
Qd4 1-0

[Event "C.to Provinciale CN"]
[Site "Cuneo ITA"]
[Date "2013.03.02"]
[Round "3"]
[White "Contini, Alessandro"]
[Black "Biancotti, Alessandro"]
[Result "1-0"]
[WhiteElo "1639"]
[BlackElo "1879"]
[PlyCount "35"]
[EventDate "2013.03.01"]

1. e4 c5 2. Nf3 d6 3. d4 cxd4 4. Nxd4 Nf6 5. Nc3 g6 6. Be3 Bg7 7. f3 O-O 8. Qd2
Nc6 9. O-O-O Bd7 10. Bc4 Rc8 11. Bb3 Ne5 12. Nde2 Nc4 13. Bxc4 Rxc4 14. h4 h5
15. Bg5 Qa5 16. Kb1 b5 17. Nd5 Nxd5 18. Qxa5 1-0

[Event "C.to Provinciale CN"]
[Site "Cuneo ITA"]
[Date "2013.03.02"]
[Round "3"]
[White "Faraoni, Enrico"]
[Black "Bisi, Samuele"]
[Result "1-0"]
[WhiteElo "2057"]
[BlackElo "2081"]
[PlyCount "56"]
[EventDate "2013.03.01"]

1. g4 d5 2. h3 c5 3. Bg2 h5 4. g5 e5 5. d3 Ne7 6. Nc3 Be6 7. Nf3 Nbc6 8. Nh4
Qd7 9. e4 d4 10. Ne2 O-O-O 11. f4 f5 12. gxf6 gxf6 13. f5 Bf7 14. Ng3 Kb8 15.
b3 b5 16. a4 a6 17. axb5 axb5 18. Bd2 Nc8 19. O-O Nb6 20. Kh2 Be7 21. Bf3 c4
22. bxc4 bxc4 23. Qb1 Kb7 24. Ng6 h4 25. Nh5 Rhg8 26. Qb5 Bc5 27. Ne7 Bxh5 28.
Nd5 Rg5 1-0

[Event "C.to Provinciale CN"]
[Site "Cuneo ITA"]
[Date "2013.03.02"]
[Round "3"]
[White "Sattanino, Andrea"]
[Black "Sola, Giuseppe"]
[Result "0-1"]
[WhiteElo "1854"]
[BlackElo "2042"]
[PlyCount "50"]
[EventDate "2013.03.01"]

1. d4 e6 2. c4 Nf6 3. Nc3 d5 4. Bf4 c6 5. e3 Bd6 6. Bg3 Bxg3 7. hxg3 Nbd7 8.
Nf3 Qe7 9. Qc2 b6 10. Be2 Bb7 11. Ne5 h6 12. g4 O-O-O 13. c5 bxc5 14. Nxd7 Nxd7
15. dxc5 Qxc5 16. O-O h5 17. b4 Qe7 18. Rfc1 hxg4 19. Bxg4 Qxb4 20. Bf3 Ne5 21.
Rab1 Nxf3+ 22. gxf3 Qh4 23. Kf1 Qc4+ 24. Kg2 Rh6 25. Qb2 Rg6+ 0-1

[Event "C.to Provinciale CN"]
[Site "Cuneo ITA"]
[Date "2013.03.02"]
[Round "3"]
[White "Sotgia, Cosimo"]
[Black "Di Chiara, Mauro"]
[Result "1-0"]
[WhiteElo "1901"]
[BlackElo "1949"]
[PlyCount "81"]
[EventDate "2013.03.01"]

1. e4 c5 2. Nf3 Nc6 3. c3 g6 4. g3 Bg7 5. Bg2 d6 6. O-O e5 7. d3 Nf6 8. Re1 O-O
9. Bg5 h6 10. Bd2 b5 11. Na3 Rb8 12. Nc2 Be6 13. d4 cxd4 14. cxd4 exd4 15.
Nfxd4 Nxd4 16. Nxd4 Bg4 17. f3 Bd7 18. Be3 Re8 19. Nb3 d5 20. exd5 Rxe3 21.
Rxe3 Qb6 22. Qd4 Qxd4 23. Nxd4 Nxd5 24. Rd3 Nb4 25. Rd2 Bxd4+ 26. Rxd4 Nc2 27.
Rxd7 Nxa1 28. f4 Rc8 29. Bd5 Rc1+ 30. Kg2 Rc2+ 31. Kh3 Rxb2 32. Rxa7 g5 33.
fxg5 hxg5 34. Bxf7+ Kh8 35. Rb7 Nc2 36. Bb3 Nd4 37. Bd5 Nc2 38. Bb3 Nd4 39. Kg4
Rxh2 40. Kxg5 Rb2 41. Kg6 1-0

[Event "C.to Provinciale CN"]
[Site "Cuneo ITA"]
[Date "2013.03.03"]
[Round "4"]
[White "Biancotti, Alessandro"]
[Black "Drago, Paolo"]
[Result "1-0"]
[WhiteElo "1879"]
[BlackElo "1842"]
[PlyCount "103"]
[EventDate "2013.03.01"]

1. e4 e6 2. d4 d5 3. Nd2 Nf6 4. e5 Nfd7 5. Bd3 c5 6. c3 Nc6 7. Ne2 b6 8. O-O
Bb7 9. f4 Qe7 10. Nf3 O-O-O 11. f5 h6 12. fxe6 fxe6 13. Nf4 Rg8 14. Bh7 g5 15.
Bxg8 gxf4 16. Qc2 Bg7 17. Bh7 Rf8 18. Bd3 h5 19. Qf2 Bh6 20. Bd2 Qf7 21. b4 c4
22. Bc2 Ne7 23. a4 a6 24. Nh4 Qg7 25. Rad1 Bg5 26. Nf3 Bh6 27. Qh4 Rg8 28. Rf2
Qf7 29. Bc1 Rg4 30. Qh3 Nf5 31. Bxf5 Qxf5 32. Rdf1 Qg6 33. Kh1 Kb8 34. Bd2 Ka7
35. Rg1 Qf5 36. g3 Nf8 37. gxf4 Bxf4 38. Bxf4 Rxf4 39. Qxf5 Rxf5 40. Rg7 Kb8
41. Kg2 Bc6 42. a5 bxa5 43. bxa5 Kc8 44. Ng5 Rxf2+ 45. Kxf2 Kd8 46. Kg3 Be8 47.
Nf7+ Ke7 48. Nd6+ Kd8 49. Nxe8 Kxe8 50. Ra7 Ng6 51. Rxa6 Kd7 52. Rd6+ 1-0

[Event "C.to Provinciale CN"]
[Site "Cuneo ITA"]
[Date "2013.03.03"]
[Round "4"]
[White "Bisi, Samuele"]
[Black "Contini, Alessandro"]
[Result "1-0"]
[WhiteElo "2081"]
[BlackElo "1639"]
[PlyCount "107"]
[EventDate "2013.03.01"]

1. d4 d5 2. Nf3 Nf6 3. c4 c6 4. Nc3 a6 5. c5 Nbd7 6. Bf4 Nh5 7. e3 Nxf4 8. exf4
g6 9. Bd3 Bg7 10. g3 b6 11. cxb6 Qxb6 12. O-O Bxd4 13. Na4 Qa7 14. Qc2 Bb7 15.
Rfd1 Bg7 16. b4 c5 17. Nxc5 Nxc5 18. Qxc5 Qxc5 19. bxc5 O-O 20. Rab1 Bc6 21.
Rdc1 a5 22. Rb6 Rfc8 23. Ne5 Bxe5 24. fxe5 Kf8 25. f4 e6 26. Kf2 Ke7 27. Ba6
Rc7 28. Ke3 Kd7 29. g4 Rca7 30. Be2 Kc7 31. f5 gxf5 32. Rf1 Bd7 33. gxf5 Rg8
34. fxe6 Bxe6 35. Rxe6 fxe6 36. Rf7+ Kc6 37. Rxa7 Kxc5 38. Rxa5+ Kb4 39. Ra7
Rc8 40. Rxh7 Kc3 41. Rh4 Ra8 42. a4 Ra5 43. Bb5 Ra7 44. Rg4 Rh7 45. h4 Rh5 46.
Rg6 Rxe5+ 47. Kf4 Re4+ 48. Kg5 Re5+ 49. Kf6 Rh5 50. Rg4 e5 51. Kg6 Rh8 52. h5
e4 53. h6 e3 54. Kg7 1-0

[Event "C.to Provinciale CN"]
[Site "Cuneo ITA"]
[Date "2013.03.03"]
[Round "5"]
[White "Contini, Alessandro"]
[Black "Sola, Giuseppe"]
[Result "0-1"]
[WhiteElo "1639"]
[BlackElo "2042"]
[PlyCount "74"]
[EventDate "2013.03.01"]

1. e4 e6 2. d4 c5 3. c3 cxd4 4. cxd4 d5 5. e5 Nc6 6. Nc3 Qb6 7. Nf3 Nge7 8. Na4
Qc7 9. Be3 Nf5 10. Rc1 Be7 11. Bd3 O-O 12. O-O Nxe3 13. fxe3 f5 14. Nc3 Bd7 15.
Qe2 Rac8 16. a3 Qd8 17. Qd2 Na5 18. Ne2 Qb6 19. Rc3 Rxc3 20. Nxc3 Rc8 21. Qe2
Nc4 22. Bxc4 Rxc4 23. Nd2 Rc8 24. Qf3 Qxb2 25. Nxd5 Bxa3 26. Nf6+ gxf6 27. Qg3+
Kh8 28. exf6 Rg8 29. Qe5 Bd6 30. Qxd6 Qxd2 31. g3 Bc6 32. Rf2 Qe1+ 33. Rf1
Qxe3+ 34. Rf2 Qe4 35. Kf1 Bb5+ 36. Kg1 Qe1+ 37. Kg2 Bc6+ 0-1

[Event "C.to Provinciale CN"]
[Site "Cuneo ITA"]
[Date "2013.03.03"]
[Round "5"]
[White "Faraoni, Enrico"]
[Black "Biancotti, Alessandro"]
[Result "1-0"]
[WhiteElo "2057"]
[BlackElo "1879"]
[PlyCount "43"]
[EventDate "2013.03.01"]

1. e4 c5 2. b3 Nc6 3. Bb2 d6 4. f4 e5 5. Bb5 exf4 6. Nf3 Bd7 7. O-O Nf6 8. d4
cxd4 9. Nxd4 Be7 10. Bxc6 bxc6 11. Rxf4 Qa5 12. Nd2 Qg5 13. Qf3 O-O 14. Rf1 d5
15. h4 Qh6 16. e5 Ng4 17. Rxg4 Bxg4 18. Qxg4 Qxd2 19. Nf5 Bc5+ 20. Kh1 g6 21.
e6 fxe6 22. Nh6+ 1-0

[Event "C.to Provinciale CN"]
[Site "Cuneo ITA"]
[Date "2013.03.03"]
[Round "5"]
[White "Pesiri, Rossano"]
[Black "Gastaldi, Franco"]
[Result "1-0"]
[WhiteElo "1961"]
[BlackElo "1780"]
[PlyCount "91"]
[EventDate "2013.03.01"]

1. d4 d5 2. c4 e5 3. dxe5 d4 4. Nf3 Nc6 5. a3 Nge7 6. b3 Ng6 7. Bb2 Ngxe5 8.
Nxe5 Nxe5 9. Qxd4 Qxd4 10. Bxd4 Nc6 11. Bc3 Bf5 12. Nd2 O-O-O 13. Nf3 f6 14. e3
Bd3 15. Nd4 Nxd4 16. Bxd4 Bxf1 17. Kxf1 c5 18. Bc3 Rd3 19. Rc1 Be7 20. Ke2 Rhd8
21. Rhd1 Rxd1 22. Rxd1 Rxd1 23. Kxd1 Kd7 24. Ke2 Bd6 25. Kf3 Ke6 26. h4 g6 27.
Kg4 h6 28. e4 h5+ 29. Kf3 a6 30. Ke3 f5 31. Bg7 b5 32. a4 bxa4 33. bxa4 Be7 34.
g3 Kf7 35. Bh6 Ke6 36. Kf4 fxe4 37. Kxe4 Bf6 38. Bg5 Bd4 39. Be3 Bxe3 40. fxe3
a5 41. Kf4 Kf6 42. e4 Ke6 43. e5 Kf7 44. Kg5 Ke6 45. Kxg6 Kxe5 46. Kxh5 1-0

[Event "C.to Provinciale CN"]
[Site "Cuneo ITA"]
[Date "2013.03.03"]
[Round "5"]
[White "Sattanino, Andrea"]
[Black "Bisi, Samuele"]
[Result "0-1"]
[WhiteElo "1854"]
[BlackElo "2081"]
[PlyCount "50"]
[EventDate "2013.03.01"]

1. d4 Nf6 2. c4 e6 3. Nc3 c5 4. d5 exd5 5. cxd5 d6 6. e4 g6 7. Bd3 Bg7 8. Nge2
O-O 9. O-O Re8 10. Bf4 a6 11. f3 b5 12. b3 Nh5 13. Bd2 Nd7 14. Rc1 Ne5 15. Bb1
c4 16. bxc4 Nxc4 17. Qe1 Qb6+ 18. Kh1 Nxd2 19. Qxd2 Bd7 20. Rfd1 b4 21. Qb2
Rab8 22. Qb3 bxc3 23. Qxb6 Rxb6 24. Nxc3 Nf4 25. g3 Nh3 0-1

[Event "C.to Provinciale BS"]
[Site "Ghedi ITA"]
[Date "2013.01.26"]
[Round "1"]
[White "Brugaletta, Giorgio"]
[Black "Caceffo, Daniele"]
[WhiteElo "1701"]
[BlackElo "1419"]
[Result "1-0"]
[PlyCount "37"]
[EventDate "2013.01.26"]

1. e4 c5 2. Nf3 Nc6 3. d4 cxd4 4. Nxd4 Nf6 5. Nc3 d6 6. h3 Bd7 7. Be3 e5 8.
Ndb5 a6 9. Nxd6+ Bxd6 10. Qxd6 Be6 11. Qxd8+ Rxd8 12. a3 O-O 13. Bd3 Rd7 14.
Bb6 Nd4 15. O-O Rd6 16. Bc5 Rfd8 17. Bxd6 Rxd6 18. f4 exf4 19. e5 1-0

[Event "C.to Provinciale BS"]
[Site "Ghedi ITA"]
[Date "2013.01.26"]
[Round "1"]
[White "Cristiani, Cesare"]
[Black "Zorzi, Samuele"]
[WhiteElo "2140"]
[BlackElo "1667"]
[Result "1/2-1/2"]
[PlyCount "138"]
[EventDate "2013.01.26"]

1. d4 d5 2. c4 e6 3. Nf3 f5 4. g3 Nf6 5. Bg2 c6 6. O-O Bd6 7. Qc2 O-O 8. Ne5
Nbd7 9. Nd3 Qe8 10. Nd2 e5 11. dxe5 Nxe5 12. Nxe5 Bxe5 13. Nf3 Bc7 14. Nh4 dxc4
15. Qxc4+ Kh8 16. Be3 Qh5 17. Bc5 Rg8 18. Bd4 Ng4 19. Bf3 f4 20. Qc3 Qh6 21.
Kg2 Bd8 22. h3 Bxh4 23. hxg4 fxg3 24. fxg3 Bf6 25. Rh1 Bxd4 26. Qxd4 Qf6 27.
Be4 Re8 28. Rxh7+ Kg8 29. Qd3 Bxg4 30. Rah1 Rf8 31. Rh8+ Kf7 32. Rxf8+ Rxf8 33.
Rf1 Bh3+ 34. Kxh3 Qxf1+ 35. Kg4 Qf6 36. Bf5 g6 37. Qd7+ Kg8 38. Bd3 Qf7 39. Qd4
Qe6+ 40. Kh4 Qf6+ 41. Qxf6 Rxf6 42. Kg5 Kg7 43. b3 b5 44. a4 a6 45. axb5 axb5
46. Be4 Re6 47. Bd3 Re5+ 48. Kf4 Kf6 49. g4 g5+ 50. Kf3 Rd5 51. Ke4 Re5+ 52.
Kd4 c5+ 53. Kc3 Re3 54. Kc2 b4 55. Ba6 Ke5 56. Bd3 Kf4 57. Bf5 Rxe2+ 58. Kd3
Re5 59. Bc8 Re1 60. Kc4 Rc1+ 61. Kb5 Ke4 62. Be6 Kf4 63. Ka4 Ra1+ 64. Kb5 Ra3
65. Kxc5 Rxb3 66. Bxb3 Kxg4 67. Kxb4 Kf4 68. Be6 g4 69. Bxg4 Kxg4 1/2-1/2

[Event "C.to Provinciale BS"]
[Site "Ghedi ITA"]
[Date "2013.01.26"]
[Round "1"]
[White "Dieli, Alberto"]
[Black "Gaglione, Francesco"]
[WhiteElo "1953"]
[BlackElo "1467"]
[Result "1-0"]
[PlyCount "55"]
[EventDate "2013.01.26"]

1. e4 c5 2. Nf3 Nc6 3. d4 e6 4. d5 Nce7 5. d6 Nc6 6. e5 h6 7. Bd3 b6 8. Nc3 Bb7
9. Nb5 Rc8 10. O-O a6 11. Nc7+ Rxc7 12. dxc7 Qxc7 13. Bf4 g5 14. Bg3 Nge7 15.
c3 Bg7 16. Re1 g4 17. Nd2 Bxe5 18. Ne4 Bxg3 19. Nf6+ Kd8 20. fxg3 Ne5 21. Be4
Bxe4 22. Rxe4 Kc8 23. Rxe5 Qxe5 24. Qxd7+ Kb8 25. Qxe7 Qe3+ 26. Kh1 Rc8 27.
Nd7+ Kb7 28. Nxc5+ 1-0

[Event "C.to Provinciale BS"]
[Site "Ghedi ITA"]
[Date "2013.01.26"]
[Round "1"]
[White "Frugoni, Giulio"]
[Black "Barucco, Mattia"]
[WhiteElo "1627"]
[BlackElo "2000"]
[Result "0-1"]
[PlyCount "72"]
[EventDate "2013.01.26"]

1. Nf3 Nf6 2. d4 g6 3. c4 Bg7 4. Nc3 d6 5. Bg5 O-O 6. e4 c5 7. d5 Qa5 8. Qd2 e6
9. Bd3 exd5 10. cxd5 a6 11. Bh6 Re8 12. Bxg7 Kxg7 13. Ng5 b5 14. O-O Nbd7 15.
f4 h6 16. Qf2 Re7 17. e5 dxe5 18. fxe5 Ng4 19. Qg3 Ndxe5 20. Nge4 c4 21. Bc2
Qb6+ 22. Kh1 Qe3 23. Qxe3 Nxe3 24. Rf4 b4 25. Na4 Nxd5 26. Rf2 Bf5 27. Nd6 Nd3
28. Rxf5 gxf5 29. Nxf5+ Kf8 30. Nxe7 Kxe7 31. h3 Rd8 32. Bxd3 cxd3 33. Nc5 d2
34. Nxa6 Ne3 35. Nxb4 d1=Q+ 36. Rxd1 Rxd1+ 0-1

[Event "C.to Provinciale BS"]
[Site "Ghedi ITA"]
[Date "2013.01.26"]
[Round "1"]
[White "Onger, Nicola"]
[Black "Fausti, Mattia"]
[WhiteElo "1761"]
[BlackElo "1437"]
[Result "1-0"]
[PlyCount "68"]
[EventDate "2013.01.26"]

1. e4 c5 2. c3 Nc6 3. d4 cxd4 4. cxd4 d5 5. e5 Bf5 6. Nf3 a6 7. Nc3 e6 8. a3
Qa5 9. Be2 Bb4 10. Bd2 Bxc3 11. Bxc3 Qb6 12. O-O Nge7 13. Qd2 O-O 14. Rfd1 f6
15. exf6 Rxf6 16. Ne5 Qc7 17. Rac1 Qd6 18. b4 Ng6 19. Qe3 Be4 20. f3 Ngxe5 21.
dxe5 Nxe5 22. fxe4 Raf8 23. exd5 Rf5 24. dxe6 Qxe6 25. Rf1 Re8 26. Rxf5 Qxf5
27. Qg3 g6 28. Rf1 Qe4 29. Bf3 Qe3+ 30. Kh1 Qxc3 31. Bd5+ Kg7 32. Qxc3 Re7 33.
Rf7+ Rxf7 34. Bxf7 Kxf7 1-0

[Event "C.to Provinciale BS"]
[Site "Ghedi ITA"]
[Date "2013.01.26"]
[Round "1"]
[White "Peli, Jordan"]
[Black "Domenighini, Alessandro"]
[WhiteElo "1431"]
[BlackElo "1741"]
[Result "0-1"]
[PlyCount "68"]
[EventDate "2013.01.26"]

1. e4 g6 2. d4 Bg7 3. f4 d6 4. Nf3 c6 5. Nc3 Nf6 6. e5 dxe5 7. fxe5 Nd5 8. Ne4
O-O 9. c4 Nb6 10. Be3 a5 11. d5 cxd5 12. Bxb6 Qxb6 13. cxd5 Qb4+ 14. Ned2 Rd8
15. Bc4 b5 16. a3 Qc5 17. Ba2 Ba6 18. Nf1 Bh6 19. Qd4 Qxd4 20. Nxd4 b4 21. axb4
axb4 22. Bb3 Bb7 23. Rxa8 Bxa8 24. Ng3 Bxd5 25. O-O Be3+ 26. Kh1 Bxd4 27. Bxd5
Rxd5 28. h3 Bxe5 29. Ne4 Bxb2 30. Re1 Nd7 31. Ng5 Be5 32. Ne4 b3 33. Nf2 b2 34.
Rb1 Ra5 0-1

[Event "C.to Provinciale BS"]
[Site "Ghedi ITA"]
[Date "2013.01.26"]
[Round "1"]
[White "Ricci, Davide"]
[Black "Paglia, Angelo"]
[WhiteElo "1407"]
[BlackElo "1688"]
[Result "1/2-1/2"]
[PlyCount "52"]
[EventDate "2013.01.26"]

1. d4 Nf6 2. c4 e6 3. Nc3 Bb4 4. Bd2 O-O 5. Nf3 c5 6. e3 Nc6 7. Bd3 d6 8. a3
Ba5 9. O-O Re8 10. Ne4 Nxe4 11. Bxe4 Bxd2 12. Qxd2 d5 13. Bd3 cxd4 14. Nxd4 Ne5
15. Rac1 a6 16. Qe2 Bd7 17. Nf3 Nxc4 18. Bxc4 dxc4 19. Rfd1 Qe7 20. Qxc4 Rac8
21. Qf1 Ba4 22. Rxc8 Rxc8 23. Rc1 Qd8 24. h3 Rxc1 25. Qxc1 Qd1+ 26. Qxd1 Bxd1
1/2-1/2

[Event "C.to Provinciale BS"]
[Site "Ghedi ITA"]
[Date "2013.01.27"]
[Round "2"]
[White "Barucco, Mattia"]
[Black "Brugaletta, Giorgio"]
[WhiteElo "2000"]
[BlackElo "1701"]
[Result "1-0"]
[PlyCount "67"]
[EventDate "2013.01.26"]

1. e4 c5 2. Nc3 Nc6 3. g3 e5 4. Bg2 Nf6 5. d3 d6 6. f4 exf4 7. Bxf4 Be7 8. Nge2
O-O 9. Qd2 Qb6 10. Rb1 Be6 11. Be3 Ng4 12. Bg1 Qd8 13. h3 Nge5 14. Be3 Qd7 15.
Nf4 Nd4 16. O-O Bg5 17. Qf2 Bxf4 18. gxf4 f5 19. fxe5 fxe4 20. Qg3 exd3 21.
cxd3 Nf5 22. Qe1 Rf7 23. Ne4 h6 24. exd6 Re8 25. Nxc5 Qxd6 26. Nxe6 Qxe6 27.
Bf4 Qg6 28. Kh1 Qh5 29. Rc1 Ref8 30. Qe6 Kh8 31. Rc8 Rxc8 32. Qxc8+ Kh7 33. Bh2
Qe2 34. Rxf5 1-0

[Event "C.to Provinciale BS"]
[Site "Ghedi ITA"]
[Date "2013.01.27"]
[Round "2"]
[White "Caceffo, Daniele"]
[Black "Frugoni, Giulio"]
[WhiteElo "1419"]
[BlackElo "1627"]
[Result "0-1"]
[PlyCount "66"]
[EventDate "2013.01.26"]

1. e4 c5 2. Nf3 d6 3. d4 cxd4 4. Nxd4 Nf6 5. Nc3 g6 6. Be2 Bg7 7. Be3 a6 8. Qd2
O-O 9. Bh6 Bxh6 10. Qxh6 Qb6 11. Nb3 Nc6 12. Rb1 Ne5 13. Qd2 Neg4 14. Bxg4 Nxg4
15. Nd5 Qd8 16. h3 Ne5 17. f4 Nc4 18. Qd4 b5 19. O-O Bb7 20. Rfe1 Bxd5 21. Qxd5
Rc8 22. Nd2 Qb6+ 23. Kh1 Qf2 24. Nxc4 Rxc4 25. Qb7 Rxc2 26. e5 Rfc8 27. Rg1
R8c7 28. Qxa6 dxe5 29. fxe5 Re2 30. Qxb5 Rcc2 31. Qe8+ Kg7 32. Qxe7 Qg3 33. Qd7
Rxg2 0-1

[Event "C.to Provinciale BS"]
[Site "Ghedi ITA"]
[Date "2013.01.27"]
[Round "2"]
[White "Cattaneo, Ugo"]
[Black "Dieli, Riccardo"]
[WhiteElo "1823"]
[BlackElo "1862"]
[Result "0-1"]
[PlyCount "64"]
[EventDate "2013.01.26"]

1. e4 c5 2. Nf3 Nc6 3. d4 cxd4 4. Nxd4 d6 5. Nc3 a6 6. Be2 Nf6 7. Bg5 e6 8. Qd2
Be7 9. O-O-O d5 10. exd5 Nxd5 11. Bxe7 Ncxe7 12. Nxd5 Qxd5 13. Nb3 Qxd2+ 14.
Rxd2 Bd7 15. Na5 Bc6 16. Nxc6 Nxc6 17. Bf3 Ke7 18. Bxc6 bxc6 19. Rhd1 Rhd8 20.
Rxd8 Rxd8 21. Rxd8 Kxd8 22. b4 Kc7 23. c4 g5 24. Kd2 f5 25. a4 e5 26. Ke3 h5
27. g3 Kd6 28. a5 g4 29. Kd3 Kc7 30. Kc3 Kb7 31. b5 cxb5 32. cxb5 axb5 0-1

[Event "C.to Provinciale BS"]
[Site "Ghedi ITA"]
[Date "2013.01.27"]
[Round "2"]
[White "Domenighini, Alessandro"]
[Black "Dieli, Alberto"]
[WhiteElo "1741"]
[BlackElo "1953"]
[Result "0-1"]
[PlyCount "90"]
[EventDate "2013.01.26"]

1. d4 Nf6 2. c4 c5 3. d5 b5 4. e3 bxc4 5. Bxc4 d6 6. Nc3 g6 7. Nf3 Bg7 8. O-O
O-O 9. Re1 Nbd7 10. e4 Ng4 11. Bf1 Rb8 12. Qc2 Qb6 13. h3 Nge5 14. Nxe5 Bxe5
15. Rb1 f5 16. Bh6 Rf7 17. exf5 Rxf5 18. Rxe5 Nxe5 19. Be2 Qb4 20. Ne4 Nf7 21.
Bd2 Qd4 22. Bc3 Qxd5 23. Bg4 Rf4 24. Bf3 Rxf3 25. gxf3 Bxh3 26. Qe2 Qf5 27. Kh2
d5 28. Nd2 d4 29. Ba5 Qh5 30. Qxe7 Bf5+ 31. Kg1 Bxb1 32. Nxb1 Qg5+ 33. Qxg5
Nxg5 34. b3 Nxf3+ 35. Kg2 Ng5 36. Nd2 Kf7 37. Nc4 Ke6 38. Bc7 Rb7 39. Bd6 Kd5
40. f4 Ne4 41. Be5 Rf7 42. Kf3 g5 43. Kg4 h5+ 44. Kxh5 gxf4 45. Kg6 Ke6 0-1